000
00462nam a2200133Ia 4500
008
151001s9999||||xx |||||||||||||| ||und||
100
_a
राम मनोहर लोहिया
245
_a
दोन हत्यारे सत्ताधाऱ्यांची भाषा आणि जाती
250
_a
1
260
_b
प्रेस्टीज पब्लिकेशन पुणे
260
_c
1971
300
_a
130
365
_b
22
999
_c
957840
_d
957837